El visitador / Salomé Jil (José Milla)

Gorde:
Xehetasun bibliografikoak
Egile nagusia: Milla, José
Formatua: Liburua
Hizkuntza:Undetermined
Argitaratua: Guatemala E. Goubaud 1897
Edizioa:3
Gaiak:
Etiketak: Etiketa erantsi
Etiketarik gabe, Izan zaitez lehena erregistro honi etiketa jartzen!

MARC

LEADER 00000nam a2200000Ia 4500
008 170316s9999 xx 000 0 und d
040 |a cru BVZT 
090 |a 860 M-20.1v 
100 |a Milla, José 
245 |a El visitador / Salomé Jil (José Milla) 
250 |a 3 
260 |a Guatemala 
260 |b E. Goubaud 
260 |c 1897 
300 |a 474 páginas 
650 |a LITERATURA LATINOAMERICANA 
650 |a NOVELA 
999 |c 8930  |d 8930 
942 |c 15 D  |h 860 M-20.1v  |2 z